000 00449cam a22001097a 4500
008 180718b1936 xxu||||| |||| 00| 0 eng d
082 _aT394x54 In2 tet
245 _aReport of the special tariff board on the equiry regarding the level of duties necessary to afford adequate protection the Indian cotton.....
_cby Special Tariff Board, India
260 _aDelhi
_bManager of Publication
_c1936
300 _a135+p.
700 _aIndia.Special Tariff Board
999 _c423695
_d423695